| 000 | 02163nam a2200229 a 4500 | ||
|---|---|---|---|
| 001 | 000010356 | ||
| 005 | 20260305073958.0 | ||
| 008 | 091006t1985 dr 001 e spa d | ||
| 040 | _aDO-SdBNP | ||
| 082 |
_aRD864.44 _bG377t |
||
| 100 | 1 |
_aGerón, Candido, _d1948- _93577 |
|
| 245 | 1 | 0 |
_aTránsito literario / _cCándido Gerón. |
| 260 |
_aSanto Domingo : _bFélix Reyes, _c1985. |
||
| 300 |
_a168 p. ; _c21 cm. |
||
| 500 | _aIncluye datos biográficos del autor en la contracubierta. | ||
| 505 | 0 |
_tPara comprender esta obra -- _tJuicio crítico a las obras literarias del Dr. Jorge Blanco -- _tSalvador Jorge Blanco : un presidente humanista -- _tLa poética de Balaguer -- _tLa narrativa de Bosch -- _tLa poesía de Baeza Flores -- _tLa poesía de Pedro Mir -- _tLa poesía de Fernández Spencer -- _tAntonio Carlos González. Poeta español -- _tLa pasión humanística de Freddy Prestol Castillo -- _tEunice Odio: poetisa costarricense -- _t"Al final del arcoiris" de Bonaparte Gautreaux Piñeyro -- _tLa poesía de Gatón Arce -- _tSe nos muere Moreno Jimenes -- _tPresentando al General Don Manuel Antonio Cuervo Gómez -- _tLa poesía de Manuel Rueda -- _tLa poética de Víctor Villegas -- _tLa poesía de Lupo Hernández Rueda -- _tEl Premio Nacional de Poesía -- _tLa presencia de Matos Paoli -- _t"Maneras de luchar" de Rubén Vela -- _tLa poética de Tolentino -- _tLa poesía de Abelardo Vicioso -- _tÁngeles Amber: poetisa española -- _tPrólogo a la obra de Miguel Fajardo (poeta costarricense) -- _tLa pluralidad poética en Miguel Fajardo -- _tAlicia Uzcanga Lavalle: poetisa mexicana -- _tDominique Bludhorn y su preocupación por el arte dominicano -- _tLa contribución de Dominique Bludhorn al desarrollo histórico, artístico y cultural del país -- _t"El paraíso de la memoria " de Pedro Peix -- _tLa obra poética de Tony Raful -- _tLa evolución poética de Tony Raful -- _t"La otra Penélope" de Andrés L. Mateo -- _tLa poesía de Orlando Gil. |
|
| 650 | 0 |
_aEnsayos dominicanos _965 |
|
| 650 | 0 |
_aLiteratura dominicana. _967 |
|
| 650 | 4 |
_aAutores dominicanos _xCrítica e interpretación _9158 |
|
| 910 | _aValidado. Control de calidad EMS. | ||
| 049 | _aBNPD | ||
| 999 |
_c10115 _d10115 |
||